|
|
|
|
| LEADER |
00000nam a2200000 4500 |
| 001 |
vtls012250449 |
| 003 |
SK-MaSNL |
| 005 |
20260301132506.0 |
| 008 |
240215s2022 gw 000 0 eng |
| 020 |
|
|
|a 9783965950214
|q (brožované)
|
| 040 |
|
|
|a SNK
|b slo
|c SNK
|e rda
|
| 041 |
0 |
|
|a eng
|
| 044 |
|
|
|a gw
|c DE
|
| 072 |
|
7 |
|2 konspekt
|
| 080 |
|
|
|2 2011
|
| 100 |
1 |
|
|a Sklabinskyi, V.
|4 aut
|9 483383
|
| 245 |
1 |
0 |
|a Monitoring of hydrodynamics and mass transfer in Vortex Flows
|c V. Sklabinskyi, I. Pavlenko, Jan Pitel
|
| 250 |
|
|
|a First edition
|
| 264 |
|
1 |
|a Lüdenscheid
|b RAM-Verlag
|c 2022
|
| 300 |
|
|
|a 244 strán
|
| 336 |
|
|
|a text
|b txt
|2 rdacontent
|
| 337 |
|
|
|a bez média
|b n
|2 rdamedia
|
| 338 |
|
|
|a zväzok
|b nc
|2 rdacarrier
|
| 700 |
1 |
|
|a Pavlenko, I.
|4 aut
|9 483384
|
| 700 |
1 |
|
|a Piteľ, Ján,
|d 1961-
|4 aut
|9 54338
|
| 852 |
|
|
|a Slovenská národná knižnica
|
| 919 |
|
|
|a 978-3-96595-021-4
|
| 999 |
|
|
|c 751102
|d 753032
|
| 952 |
|
|
|a SNK
|b SNK
|y NEVYP
|7 1
|o snk
|i snk
|8 4
|g 54.00
|0 0
|1 0
|4 0
|d 2024-02-15
|l 0
|r 2026-02-23 23:31:41
|w 2026-02-23
|